Aplikácia matematických modelov, metód a výpočtovej techniky pri riadení národného hospodárstva 6. vedecká konferencia s medzinárodnou účasťou : Bratislava, 24.-27. apríla 1990 : tézy referátov

Gespeichert in:
Bibliographische Detailangaben
Körperschaft: Aplikácia matematických modelov, metód a výpočtovej techniky pri riadení národného hospodárstva. Konferencia
Weitere Verfasser: Klučárová, Mária
Format: Buch
Sprache:Slowakisch
Veröffentlicht: Bratislava Edičné stredisko Vysokej školy ekonomickej 1990
Schlagworte:
Tags: Tag hinzufügen
Keine Tags, Fügen Sie das erste Tag hinzu!

MARC

LEADER 00000nam a2200000 4500
001 0150524
005 20240104091726.3
020 |a 80-225-0169-7 
041 0 |a slo 
044 |a SK 
245 1 0 |a Aplikácia matematických modelov, metód a výpočtovej techniky pri riadení národného hospodárstva  |b 6. vedecká konferencia s medzinárodnou účasťou : Bratislava, 24.-27. apríla 1990 : tézy referátov  |c spracovala Mária Klučárová 
264 1 |a Bratislava  |b Edičné stredisko Vysokej školy ekonomickej  |c 1990 
300 |a 233 s. 
610 2 0 |a modely matematické 
610 2 0 |a metódy matematické 
610 2 0 |a technika výpočtová 
610 2 0 |a riadenie hospodárske 
610 2 0 |a hospodárstvo národné 
700 1 |a Klučárová, Mária 
110 2 |a Aplikácia matematických modelov, metód a výpočtovej techniky pri riadení národného hospodárstva. Konferencia